[Event "Olympiad-41"]
[Site "Tromsoe"]
[Date "2014.08.12"]
[Round "10.1"]
[White "Topalov, Veselin"]
[Black "Wojtaszek, Radoslaw"]
[Result "1-0"]
[WhiteElo "2772"]
[BlackElo "2735"]
[Annotator "Szabo,Kr"]
[PlyCount "77"]
[EventDate "2014.08.02"]
[EventType "team-swiss"]
[EventRounds "11"]
[EventCountry "NOR"]
[SourceTitle "CBM 162"]
[Source "ChessBase"]
[SourceDate "2014.09.17"]
[SourceVersion "1"]
[SourceVersionDate "2014.09.17"]
[SourceQuality "1"]
[WhiteTeam "Bulgaria"]
[BlackTeam "Poland"]
[WhiteTeamCountry "BUL"]
[BlackTeamCountry "POL"]

1. e4 c5 2. Nf3 d6 3. d4 cxd4 4. Nxd4 Nf6 5. Nc3 a6 6. Be3 e5 7. Nb3 Be6 8. f3
Nbd7 9. g4 b5 (9... Nb6 {is the other main line.}) 10. g5 b4 11. Nd5 (11. Ne2 {
is more popular.}) 11... Nxd5 12. exd5 Bf5 13. Bd3 Bxd3 14. Qxd3 Be7 15. h4 (
15. Rg1 {has also been played} O-O 16. O-O-O a5 17. Nd2 f5 $1 $13 {with an
unclear middlegame, Leko-Kasparov, Linares 1999.}) 15... O-O ({6 years
previously Topalov had a game with} 15... a5 16. a3 a4 17. Nd2 Rb8 18. axb4
Rxb4 {(Topalov-Ivanchuk, Morelia/Linares 2008)} 19. Qc3 Qb8 20. Qc6 $1 $14 {
and White's position is promising.}) 16. a3 (16. O-O-O a5 17. Nd2 a4 18. Kb1 f5
$132 {with a double-edged fight, Leko-Kasparov, Bled ol 2002.}) 16... bxa3 $1 (
16... a5 17. axb4 axb4 18. Rxa8 Qxa8 19. Ke2 $1 $14 {Topalov}) 17. Rxa3 a5 18.
Qb5 $1 {The most ambitious reaction.} Qc7 19. Nxa5 Rfb8 (19... Qxc2 $5 {
was an interesting option} 20. O-O Bd8 21. Nc4 (21. Qxd7 Rxa5 22. Qxd6 Qxb2 23.
Rxa5 Bxa5 $11) 21... Rb8 $1 (21... Rxa3 22. bxa3 Qf5 23. Kg2 $1 $14 {and White
is slightly better.}) 22. Qc6 (22. Qxd7 $2 Qxc4 $17) 22... Qf5 23. Qxd6 Rc8
$132 {with a double-edged fight.}) 20. Qc6 Qxc6 $2 {A serious mistake. After
this White will have an unpleasant P in Black's position.} (20... Bd8 $1 {
was the correct answer,} 21. O-O Rxa5 22. Rxa5 Qxa5 23. Qxd7 Bb6 24. Bxb6 Qxb6+
25. Kg2 Qb4 26. Qc7 Rf8 $44 {and Black is not worse.}) 21. dxc6 d5 (21... Rxb2
$2 {does not work, because of} 22. cxd7 Rb1+ 23. Ke2 Rxh1 24. Nc6 $1 $18 {
and White is winning.}) 22. Ra2 Bd8 ({In case of} 22... Rb5 23. cxd7 (23. Bd2
Nf8 24. Ke2 $14) 23... Rbxa5 24. Rxa5 Rxa5 25. Ke2 d4 26. Rd1 $1 Rd5 27. c3
Rxd7 28. cxd4 exd4 29. Bxd4 $14 {and White is a healthy P up.}) 23. cxd7 Rxa5
24. Rxa5 Bxa5+ 25. Ke2 d4 (25... Rxb2 $2 {is bad, as} 26. Ra1 $18) 26. Bd2 Bd8
27. Kd3 (27. Ra1 {was also strong.}) 27... f6 (27... Rxb2 28. f4 Rb7 29. fxe5
Rxd7 30. Ra1 $16 {and White is better.}) 28. f4 Rxb2 (28... Kf7 29. gxf6 gxf6
30. fxe5 fxe5 31. Rf1+ Ke7 32. Bg5+ Kxd7 33. Rf8 Bc7 34. Rxb8 Bxb8 35. Ke4 {
should be a winning endgame for White.}) 29. fxe5 fxe5 30. Ra1 Rb8 (30... Kf7
31. Ra8 $1 Ke7 32. g6 $1 h6 33. Bxh6 $1 $18) 31. Ke4 ({The pretty} 31. Ra5 $1
$18 {was probably stronger.}) 31... Kf7 32. Kxe5 Rb7 ({In the event of} 32...
Ke7 33. Ra7 Bb6 34. d8=Q+ $1 $18 {with a winning position for White.}) 33. Rf1+
Ke7 34. g6 $1 {A really strong move! White frees the g5 square for his B even
with a P sacrifice too.} Rb5+ (34... hxg6 $2 35. Bg5+ Kxd7 36. Rf7+ $18) 35.
Kxd4 Bb6+ $6 (35... Kxd7 36. gxh7 Rh5 37. Bg5 $1 Rxh7 38. Ke5 $18 {and White
is winning.}) 36. Kc4 Rc5+ 37. Kb3 Kxd7 38. Rf7+ Ke6 39. Rxg7 1-0

[Event "Sinquefield Cup 2nd"]
[Site "Saint Louis"]
[Date "2014.08.31"]
[Round "5"]
[White "Topalov, Veselin"]
[Black "Vachier Lagrave, Maxime"]
[Result "1-0"]
[WhiteElo "2772"]
[BlackElo "2768"]
[Annotator "Havasi,G"]
[PlyCount "81"]
[EventDate "2014.08.27"]
[EventType "tourn"]
[EventRounds "10"]
[EventCountry "USA"]
[EventCategory "23"]
[SourceTitle "CBM 162"]
[Source "ChessBase"]
[SourceDate "2014.09.17"]
[SourceVersion "1"]
[SourceVersionDate "2014.09.17"]
[SourceQuality "1"]

1. e4 c5 2. Nf3 d6 3. d4 cxd4 4. Nxd4 Nf6 5. Nc3 a6 6. f3 e5 7. Nb3 Be6 8. Be3
Be7 9. Qd2 O-O 10. O-O-O a5 11. a4 (11. Bb5 {is the main line with many top
games.}) 11... Na6 12. g4 Nb4 13. Kb1 Qc7 (13... Rc8 {is the most popular move.
}) 14. g5 ({The immediate} 14. Bb5 {allows} d5 15. g5 d4 16. gxf6 dxe3 17. Qxe3
Bxf6 18. Nc5 Rad8 19. Nxe6 fxe6 $11 {Ganguly-Gutman, Dresden 2012}) 14... Nh5
15. Bb5 ({Improving the b3 N also came into consideration:} 15. Nc1 f5 16. Nd3
Qc6 17. Rg1 Kh8 18. g6 f4 19. Bf2 Rfc8 20. Ne1 Qe8 21. Bb5 Qg8 22. Nd3 $36 {
Szczepanski-Kasperek, corr. 2009}) 15... Rac8 16. Rhg1 $146 {This very natural
move is a novelty.} (16. Qf2 Nf4 (16... Bd8 {isn't so clear}) 17. h4 d5 18.
Bxf4 exf4 19. exd5 ({A more accurate try is} 19. Nxd5 Nxd5 20. exd5 Bf5 21. Bd3
$16) 19... Bf5 20. Rd2 Bd6 21. Nd4 $2 (21. Ne4 $18) 21... Bc5 $1 22. d6 $1 Qb6
23. d7 (23. Ne4 Bxe4 24. fxe4 Qxd6 25. c3 Qe5 26. Qf3 $14) 23... Rcd8 $142 $44
(23... Nxc2 $4 24. Nxf5 $3 $18 {Hou Yifan-Sebag, Beijing 2013})) 16... f5 {
This is the typical move in this kind of structure.} 17. gxf6 (17. Nd5 {
seems to win a P, but things aren't so easy:} Nxd5 (17... Bxd5 18. exd5 Qxc2+
19. Qxc2 Rxc2 20. Nxa5 $16) 18. exd5 Bd7 19. Nxa5 Bxb5 20. axb5 Ra8 $44) 17...
Nxf6 18. Qg2 (18. Bh6 Rf7 $13 {is nothing special.}) 18... Nh5 (18... Rf7 19.
Bg5 Nh5 20. Bxe7 Qxe7 21. Qd2 Bxb3 22. cxb3 Rf6 23. Qg5 Nf4 24. Rxd6 $1) (18...
g6 $5 {would be a very deep move, the advantage of which becomes clear in the
18...Rf7 line.} 19. Bg5 Nh5 20. Bxe7 Qxe7 21. Qd2 Bxb3 22. cxb3 Rf6 23. Qg5 Nf4
{and there is no mating threat on g7!}) 19. Nc1 ({The computer gives the
amazing} 19. f4 $5 exf4 20. Nd4 Bd7 21. Bf2 {, but Topalov's move is much more
logical. He wants to improve the position of his N, maybe exchange Black's
strong b4 N.}) 19... Bf6 (19... Rf7 $5 {seems more logical.} 20. Nd3 Rcf8 21.
Rgf1 Nc6 $13) 20. Nd3 (20. N1e2 Kh8 $1 21. Rd2 Qf7 $1 {and Black is fine.})
20... Nxd3 $1 {Black tries to create counterchances, mainly in connection with
the next move.} (20... Nc6 21. f4 $1 exf4 22. Nxf4 Nxf4 23. Bxf4 Bd4 24. Rxd4
Rxf4 25. Rd2 Rg4 26. Qh1 $1 $14) 21. Rxd3 Nf4 $1 {Practically the only
sensible move, because if Black plays a waiting move, for example} (21... g6
22. Rgd1 Be7 23. Qg1 $16 {White is much better.}) (21... Bh4 22. Nd5 Bxd5 23.
Rxd5 g6 (23... Nf4 $2 24. Bxf4 Rxf4 25. Rxd6 $18) 24. Qd2 $16 {is also much
better, because the f4-square is useless and the decisive factor is Black's
bad structure.}) (21... Be7 22. Nd5 Bxd5 23. Rxd5 g6 24. Rd2 $14 {With two Bs
and a good structure White has a promising position.}) 22. Bxf4 exf4 23. Nd5
Bxd5 24. Rxd5 Be5 {Let's take a fresh look at the position. The players have
opposite-coloured Bs, and both of these Bs are strong. At first sight, it's
hard to believe, that Black has good drawing chances, because White is going
to increase the pressure on Black's position. On the other hand, with precise
play Black should have held this position.} (24... Qb6 $5 25. c3 Rc5 26. Rgd1
Be5 {is very similar to the game.}) 25. c3 Rf6 26. Qf2 b6 27. Ba6 Rb8 28. Bd3
Kh8 29. Rb5 Rf7 30. h4 Qa7 {White's pieces are more or less in their best
positions, now White has to improve his Q.} 31. Qc2 Rc7 32. Qb3 Rc5 33. Qe6
Rxb5 34. Bxb5 Rf8 35. h5 Qc7 (35... Qf7 $1 36. Qxf7 Rxf7 37. Kc2 Rc7 {seems to
be drawish.}) 36. Ka2 Qd8 (36... Qf7 $1) 37. Qg4 Qc7 38. Kb3 Rc8 $6 {This move
isn't bad, but the plan in connection with it is. Black should exchange the Q
to reach the draw. If White wants to break into Black's position, he can use
his R to defend on c7, cutting the white K away from the queenside Ps.} 39. Qe6
Qc5 $4 (39... Rf8 $1 40. Rg5 Qf7 41. Qxf7 Rxf7 42. Kc4 Rc7+ 43. Kd5 Kg8 44. Ke6
Rf7 45. Be8 Ra7 46. Bd7 h6 47. Rf5 g5 48. hxg6 Kg7 $11) (39... Qd8 $1 {/\ Qg8})
40. Rg5 $3 $18 {The killing move. The R joins the attack and the game is over.}
Rb8 41. Rf5 1-0

[Event "Sinquefield Cup 2nd"]
[Site "Saint Louis"]
[Date "2014.09.04"]
[Round "8"]
[White "Nakamura, Hikaru"]
[Black "Topalov, Veselin"]
[Result "0-1"]
[WhiteElo "2787"]
[BlackElo "2772"]
[Annotator "Szabo,Kr"]
[PlyCount "114"]
[EventDate "2014.08.27"]
[EventType "tourn"]
[EventRounds "10"]
[EventCountry "USA"]
[EventCategory "23"]
[SourceTitle "CBM 162"]
[Source "ChessBase"]
[SourceDate "2014.09.17"]
[SourceVersion "1"]
[SourceVersionDate "2014.09.17"]
[SourceQuality "1"]

1. e4 e5 2. Nf3 Nc6 3. Bb5 Nf6 4. O-O Nxe4 5. d4 Nd6 6. Bxc6 dxc6 7. dxe5 Nf5
8. Qxd8+ Kxd8 9. h3 Ke8 10. Nc3 Ne7 11. Ne4 Ng6 12. Re1 h6 13. Kh2 $5 {A very
useful move. White's idea is g4 and his K is ready to go to g3.} (13. b3 c5 14.
Bb2 Be6 15. Ng3 a5 16. a4 Nf4 17. Bc1 Nd5 18. Bd2 c4 19. bxc4 Nb4 $132 {
with a double-edged fight, Robson-Onischuk, Saint Louis 2014.}) 13... c5 14. c4
$146 {A novelty by Nakamura.} (14. g4 {has also been played} Be6 15. Nc3 Be7
16. Be3 Kd7 17. Kg3 Kc6 {Usually the c6-square is a nice base for Black's K.}
18. Rad1 Rad8 19. Rxd8 Bxd8 20. Rd1 Be7 21. Rd2 b6 22. b3 a6 23. Rd1 h5 $36 {
and Black has a comfortable position, Bokros-Postny, Oropesa del Mar 1999.})
14... Be6 15. b3 {This is a typical Berlin position. White has a space
advantage, while Black has two Bs, his position is solid and his P structure
is also strong.} b6 16. g4 {The ambitious reaction, White continues his plan
on the kingside.} h5 $1 {Topalov immediately tries to create counterplay on
the h-file.} 17. Kg3 Rd8 18. Neg5 $6 {This move starts a wrong plan.} (18. Bg5
{was better,} Rd3 (18... Be7 19. Re3 {and White is solid.}) 19. Re3 Rxe3 20.
Bxe3 {with an equal position.}) 18... Bc8 $1 {The right move. Black doesn't
want to give up his B and he isn't afraid of e6!} 19. Bb2 ({Probably Nakamura
wanted to play} 19. e6 $2 {, but this does not work because of} Bd6+ 20. Kg2 f6
$1 21. Nf7 hxg4 22. hxg4 Bb7 $1 {This is the point!} 23. Nxh8 Nxh8 $1 $17 {
and White can't avoid the really unpleasant pin of the N on f3 and Black is
threatening to play Ng6 followed by Nh4.}) 19... Be7 {The most natural reply.}
20. Rad1 Rxd1 21. Rxd1 hxg4 (21... Bb7 $5 {was also possible to keep the
tension.}) 22. hxg4 f6 $1 {A good move. Black opens the position and the
g-file, the g4 P will be weak, moreover Black is ready to play Rg8.} 23. exf6 (
23. Nh3 Kf7 ({or} 23... f5 {and Black is slightly better.})) 23... gxf6 24. Re1
{An interesting tactical choice, but it isn't dangerous for Black.} (24. Ne4
Kf7 {is similar to the game.}) 24... Kf8 $1 {The best reply!} ({In the event of
} 24... fxg5 25. Bxh8 Nxh8 26. Nxg5 Ng6 27. f4 {and White won't lose.}) 25. Ne4
Kf7 26. Bc1 {It is difficult to find any useful move for White.} Rg8 $1 {
White's K is under X-ray attack, he has to face some unpleasant threats.} 27.
Rh1 $6 {An inaccuracy, but it is difficult to hold White's position.} (27. Bd2
{was tougher, but} Bb7 {and White's position is very unpleasant.}) 27... Bb7 $1
28. Re1 (28. Rh7+ Ke6 29. Nfd2 Ne5 30. f3 Nd3 31. Ba3 f5 $17 {and White is in
a big trouble.}) 28... Re8 $1 {Topalov is playing the strongest moves.} 29.
Nfd2 {The only move, otherwise Black immediately wins material.} Ne5 $1 {
Black's activity is very strong.} 30. Bb2 $6 (30. Rh1 {was tougher, but} Nd3
$17 {and Black is better.}) 30... Nd3 31. Rb1 Rg8 32. Kf3 Nxb2 33. Rxb2 Bc8 {
White cannot protect the g4 P. White has no hope.} 34. g5 f5 35. Nf6 Rxg5 36.
Nd5 Bb7 37. Rb1 Rg4 38. Rh1 Bd6 39. Ke2 Rd4 40. Rh7+ Kg6 41. Rd7 Bxd5 42. cxd5
Rxd5 $6 (42... b5 $1 $19 {was much better and White can resign.}) 43. Nc4 b5
44. Nxd6 cxd6 45. Rxa7 b4 {Black should be much better, but R endgames always
give some practical chances.} 46. a4 bxa3 47. Rxa3 Re5+ 48. Kd3 Kg5 49. Ra6 Re1
(49... Kf4 50. Rxd6 Kf3 {was also strong.}) 50. Kd2 Re6 51. Rb6 (51. Ra4 f4 52.
Kd3 Kg4 {is also hopeless for White.}) 51... Kg4 52. b4 cxb4 53. Rxb4+ Kf3 54.
Kd1 f4 55. Rd4 Re4 56. Rd2 d5 57. Ra2 Kg2 {A very nice victory by Topalov!} 0-1

[Event "Gibraltar Masters 13th"]
[Site "Caleta"]
[Date "2015.02.03"]
[Round "8"]
[White "Ju, Wenjun"]
[Black "Topalov, Veselin"]
[Result "0-1"]
[WhiteElo "2547"]
[BlackElo "2800"]
[PlyCount "88"]
[EventDate "2015.01.27"]
[EventType "swiss"]
[EventRounds "10"]
[EventCountry "GGB"]
[SourceTitle "CBM 165"]
[Source "ChessBase"]
[SourceDate "2015.03.11"]
[SourceVersion "1"]
[SourceVersionDate "2015.03.11"]
[SourceQuality "1"]

1. d4 d5 2. c4 c6 3. Nf3 Nf6 4. Nc3 e6 5. Bg5 h6 6. Bxf6 Qxf6 7. e3 Nd7 8. Bd3
g6 9. O-O Bg7 10. a4 O-O 11. a5 a6 12. Qb3 Qe7 13. cxd5 exd5 14. e4 Nf6 15.
exd5 Nxd5 16. Nxd5 cxd5 17. Qxd5 Be6 18. Qe4 Qd6 19. Qxb7 Rfb8 20. Qe4 Bd5 21.
Qe2 Re8 22. Qd1 Rab8 23. Rc1 Rb4 24. Rc3 Rxb2 25. Bc4 Qb4 26. Qd3 Bxc4 27. Qxc4
Qxa5 28. Rb3 Qa2 29. Qc6 Qxb3 30. Qxe8+ Kh7 31. Qa8 Qb5 32. h3 a5 33. d5 Rb1
34. Rxb1 Qxb1+ 35. Kh2 Qb4 36. Kg1 a4 37. d6 a3 38. d7 Bf6 39. Qd5 Kg7 40. g3
Qb2 41. d8=Q Bxd8 42. Ne5 Qb1+ 43. Kg2 Qf5 44. f4 Bc7 0-1

[Event "Gibraltar Masters 13th"]
[Site "Caleta"]
[Date "2015.02.05"]
[Round "10"]
[White "Bartel, Mateusz"]
[Black "Topalov, Veselin"]
[Result "0-1"]
[WhiteElo "2631"]
[BlackElo "2800"]
[PlyCount "74"]
[EventDate "2015.01.27"]
[EventType "swiss"]
[EventRounds "10"]
[EventCountry "GGB"]
[SourceTitle "CBM 165"]
[Source "ChessBase"]
[SourceDate "2015.03.11"]
[SourceVersion "1"]
[SourceVersionDate "2015.03.11"]
[SourceQuality "1"]

1. e4 e5 2. Nf3 Nc6 3. Bb5 Nf6 4. d3 Bc5 5. Nbd2 d6 6. Bxc6+ bxc6 7. O-O O-O 8.
Nc4 Be6 9. Qe2 a5 10. a4 Nd7 11. Bd2 Bxc4 12. dxc4 Qe7 13. Kh1 Bb6 14. Ra3 Nc5
15. Ng5 h6 16. Nh3 f5 17. exf5 Rxf5 18. g4 Rff8 19. g5 h5 20. Qxh5 Rf5 21. Ng1
Qf7 22. Qh4 Qg6 23. Rh3 Raf8 24. Ne2 Ne6 25. Qe4 d5 26. cxd5 cxd5 27. Qg4 Bxf2
28. c4 d4 29. Qe4 Rxg5 30. Qd5 Rgf5 31. Qe4 R5f6 32. Qxg6 Rxg6 33. Ng3 Bxg3 34.
Rxf8+ Kxf8 35. Rxg3 Rf6 36. Bxa5 e4 37. Rg4 e3 0-1

[Event "Norway Chess 3rd"]
[Site "Stavanger"]
[Date "2015.06.18"]
[Round "3"]
[White "Vachier Lagrave, Maxime"]
[Black "Topalov, Veselin"]
[Result "0-1"]
[WhiteElo "2723"]
[BlackElo "2798"]
[PlyCount "56"]
[EventDate "2015.06.16"]
[EventType "tourn"]
[EventRounds "9"]
[EventCountry "NOR"]
[EventCategory "22"]
[SourceTitle "CBM 167"]
[Source "ChessBase"]
[SourceDate "2015.07.13"]
[SourceVersion "1"]
[SourceVersionDate "2015.07.13"]
[SourceQuality "1"]

1. d4 Nf6 2. c4 e6 3. Nf3 d5 4. Nc3 c6 5. e3 Nbd7 6. Bd3 dxc4 7. Bxc4 b5 8. Bd3
Bb7 9. O-O a6 10. e4 c5 11. d5 Qc7 12. dxe6 fxe6 13. Bc2 Bd6 14. Ng5 Nf8 15. f4
O-O-O 16. Qe1 e5 17. f5 h6 18. Nf3 N8d7 19. Kh1 Rhe8 20. Bd2 Qc6 21. Rd1 Nb6
22. Nd5 $2 (22. Be3 $13) 22... Nbxd5 23. exd5 Qd7 24. Ba5 e4 25. Ng1 Bc7 26. d6
Bxa5 27. Qxa5 e3 28. Ne2 Qc6 0-1